LEADER 03202nam 2200649Ia 450 001 9910139709903321 005 20230802004509.0 010 $a1-280-58824-1 010 $a9786613618078 010 $a1-118-13142-8 010 $a1-118-13141-X 010 $a1-118-13144-4 035 $a(CKB)2550000000082774 035 $a(EBL)818450 035 $a(OCoLC)775301845 035 $a(SSID)ssj0000597329 035 $a(PQKBManifestationID)11941363 035 $a(PQKBTitleCode)TC0000597329 035 $a(PQKBWorkID)10577813 035 $a(PQKB)11516632 035 $a(MiAaPQ)EBC818450 035 $a(Au-PeEL)EBL818450 035 $a(CaPaEBR)ebr10577602 035 $a(CaONFJC)MIL361807 035 $a(EXLCZ)992550000000082774 100 $a20110611d2012 uy 0 101 0 $aeng 135 $aur|n|---||||| 181 $ctxt 182 $cc 183 $acr 200 00$aComputational approaches in cheminformatics and bioinformatics$b[electronic resource] /$fedited by Rajarshi Guha, Andreas Bender 210 $aHoboken, NJ $cWiley$dc2012 215 $a1 online resource (292 p.) 300 $aDescription based upon print version of record. 311 $a0-470-38441-7 320 $aIncludes bibliographical references and index. 327 $aCOMPUTATIONAL APPROACHES IN CHEMINFORMATICS AND BIOINFORMATICS; CONTENTS; CONTRIBUTORS; FOREWORD; PREFACE; 1 BRIDGING CHEMICAL AND BIOLOGICAL INFORMATION: PUBLIC KNOWLEDGE SPACES; 2 BRIDGING CHEMICAL AND BIOLOGICAL DATA: IMPLICATIONS FOR PHARMACEUTICAL DRUG DISCOVERY; 3 CHEMOINFORMATICS TAKING BIOLOGY INTO ACCOUNT: PROTEOCHEMOMETRICS; 4 COMPOUND ACTIVITIES IN TIMES OF SYSTEMS BIOLOGY; 5 MOLECULAR DESCRIPTORS FOR BIOLOGICAL SYSTEMS; 6 GRAPHS: FLEXIBLE REPRESENTATIONS OF MOLECULAR STRUCTURES AND BIOLOGICAL NETWORKS; 7 WORKFLOW TOOLS FOR MANAGING BIOLOGICAL AND CHEMICAL DATA 327 $a8 USING CHEMICAL STRUCTURE TO INFER BIOLOGICAL FUNCTION9 USING CHEMICAL STRUCTURE AS PROBES FOR BIOLOGICAL NETWORKS; INDEX 330 $a A breakthrough guide employing knowledge that unites cheminformatics and bioinformatics as innovation for the future Bridging the gap between cheminformatics and bioinformatics for the first time, Computational Approaches in Cheminformatics and Bioinformatics provides insight on how to blend these two sciences for progressive research benefits. It describes the development and evolution of these fields, how chemical information may be used for biological relations and vice versa, the implications of these new connections, and foreseeable developments in the future. Using algorithms 606 $aCheminformatics 606 $aBioinformatics 606 $aDrugs$xResearch$xData processing 615 0$aCheminformatics. 615 0$aBioinformatics. 615 0$aDrugs$xResearch$xData processing. 676 $a615.10285 686 $aSCI013050$2bisacsh 701 $aGuha$b Rajarshi$0887730 701 $aBender$b Andreas$0887731 801 0$bMiAaPQ 801 1$bMiAaPQ 801 2$bMiAaPQ 906 $aBOOK 912 $a9910139709903321 996 $aComputational approaches in cheminformatics and bioinformatics$91983014 997 $aUNINA LEADER 06354oam 22009731 450 001 9910447260003321 005 20230120105926.0 010 $a3-030-63157-5 024 7 $a10.1007/978-3-030-63157-4 035 $a(OCoLC)1244116261$z(OCoLC)1241442837 035 $a(OCoLC)on1244116261 035 $a(MiAaPQ)EBC6511487 035 $a(CKB)4100000011781462 035 $a(EXLCZ)994100000011781462 100 $a20210301d2020 uy 0 101 0 $aeng 135 $aurnn||mamaa|| 181 $ctxt$2rdacontent 182 $cc$2rdamedia 183 $acr$2rdacarrier 200 00$aCultural views on online learning in higher education $ea seemingly borderless class /$fedited by Mari?a Gabriela Di Gesu?, Mari?a Fernanda Gonza?lez 210 1$aCham :$cSpringer,$d2020. 215 $a1 online resource 225 1 $aCultural Psychology of Education,$x2364-6780 ;$v13 311 08$aPrinted edition: 9783030631567 311 08$aPrinted edition: 9783030631581 311 08$aPrinted edition: 9783030631598 327 $aPart I: Catalyzers and Inhibitors in Online Teaching Learning in Higher Ed-ucation. Converging views on a human phenomenon -- Online teaching and learning: going beyond the information given -- When online education helps to cross (symbolic) borders. An empirical study in an Argentinian University -- Affect as a catalyzer of university students' choice of learning environments. Voicing the students who opt for in- person university courses -- Part 2: Bridging academic and professional identities through online learn-ing environments -- Designing blended university courses for transaction from academic learning to professional competences -- Polemic Forums in blended learning as new strategies for a border-less Higher Education -- Subjective senses of learning in hybrid teaching contexts -- The teacher in the in-between place: Teacher identity in ODL -- Part 3: Educating the future self -- An interdisciplinary view of online teach-ing learning process -- The linguistic landscape approach as a strategy for re-flection and intervention in higher education. Mediations, practices and voices to overcome borders -- Writing a dissertation -- expanding the borders of the virtual teaching and learning process -- Developing educational digital literacies among preservice teach-ers of Portuguese at Universidad Nacional de La Plata. An analysis of students' resistance -- Part 4- Engendering New Conversations -- The imposed online learning and teaching during COVID -19 times -- Online learning as a cultural phenomenon in a complex scenario. A critical view of online learning and teaching process in higher education. . 330 $aThis book opens up a fruitful conversation by and between invited academics from Europe and Latin America on the features of online learning in higher education. The authors analyse online education from interdisciplinary theoretical and empirical reflections to reveal the existing tensions and turning this book into a valuable artifact on how learning is shaped when technology comes in-between diverse geographical and social contexts. Like any other human activity, e-learning can be seen as a context-dependent educational system with many objects in mutual interaction. Applying a cultural psychology perspective to this provides new answers to questions such as: How can cultural psychology shed new light on online learning? Why do students and academics still opt for classic classes? What inner boundaries are pushed when studying online? How can online learning be influenced by affect? How do teachers and students mold their identities when they move in and out of online environments? This book reveals the existing tensions, resistances and appropriation strategies that students and academics from diverse backgrounds and places go through when attending online learning courses in higher education and furthermore shows how these theoretical frameworks can be successfully applied to practice. . 410 0$aCultural psychology of education ;$v13.$x2364-6780 606 $aWeb-based instruction$xPublic opinion 606 $aInternet in higher education 606 $aEducational technology 606 $aEducational psychology 606 $aPedagogic Psychology$3https://scigraph.springernature.com/ontologies/product-market-codes/Y18003 606 $aEducation, general$3https://scigraph.springernature.com/ontologies/product-market-codes/O00000 606 $aHigher Education$3https://scigraph.springernature.com/ontologies/product-market-codes/O36000 606 $aEducational psychology$2fast$3(OCoLC)fst00903571 606 $aEducation, Higher$2fast$3(OCoLC)fst00903005 606 $aEducation$2fast$3(OCoLC)fst00902499 606 $aEducational technology$2fast$3(OCoLC)fst00903623 606 $aInternet in higher education$2fast$3(OCoLC)fst00977253 606 $aWeb-based instruction$2fast$3(OCoLC)fst01173272 606 $aPsicologia pedagògica$2thub 606 $aEducació superior$2thub 606 $aTecnologia educativa$2thub 606 $aInternet en l'ensenyament$2thub 608 $aLlibres electrònics$2thub 615 0$aWeb-based instruction$xPublic opinion. 615 0$aInternet in higher education. 615 0$aEducational technology. 615 0$aEducational psychology. 615 14$aPedagogic Psychology. 615 24$aEducation, general. 615 24$aHigher Education. 615 7$aEducational psychology. 615 7$aEducation, Higher. 615 7$aEducation. 615 7$aEducational technology. 615 7$aInternet in higher education. 615 7$aWeb-based instruction. 615 7$aPsicologia pedagògica. 615 7$aEducació superior. 615 7$aTecnologia educativa 615 7$aInternet en l'ensenyament 676 $a370.15 676 $a378.17344678 702 $aDi Gesu?$b Mari?a Gabriela 702 $aGonza?lez$b Mari?a Fernanda 801 0$bDCT 801 1$bDCT 801 2$bOCLCO 801 2$bYDX 801 2$bN$T 801 2$bGW5XE 801 2$bOCLCF 801 2$bYDX 801 2$bOCL 801 2$bOH1 801 2$bOCLCO 906 $aBOOK 912 $a9910447260003321 996 $aCultural views on online learning in higher education$91896803 997 $aUNINA